000 01184cam a2200325 a 4500
001 13395707
003 FISKH
005 20250821134657.0
008 031105s2004 nyu c 000 1 eng
010 _a2003024412
020 _a9780439650762
040 _aDLC
_cDLC
_dDLC
_beng
042 _alcac
050 0 0 _aPZ7
_b.C6838 Gre 2004
082 0 0 _a813.6
_222
100 1 _aCollins, Suzanne.
245 1 0 _aGregor and the Prophecy of Bane /
_cSuzanne Collins.
250 _aThis edition first printing, July 2013
260 _aNew York :
_bScholastic,
_c2004
300 _a312 p.
_c20 cm.
500 _aSequel to: Gregor the overlander.
500 _aSequel: Gregor and the curse of the warmbloods.
520 _aIn his second adventure, eleven-year-old Gregor returns to the world beneath New York City to rescue his kidnapped sister, Boots, and fulfill a prophecy that will restore peace to the people, bats, rats, cockroaches, and spiders who populate the underworld.
650 1 _aFriendship
_vFiction.
650 1 _aSiblings
_vFiction.
650 1 _aAnimals
_vFiction.
650 1 _aFantasy.
906 _a7
_bcbc
_corignew
_d1
_eecip
_f20
_gy-gencatlg
942 _2ddc
_cBK
_n0
999 _c23
_d23